Practical English usage Ed 3 (Record no. 150754)
[ view plain ]
| 000 -LEADER | |
|---|---|
| fixed length control field | 00657nam a2200277Ia 4500 |
| 003 - CONTROL NUMBER IDENTIFIER | |
| control field | OSt |
| 005 - DATE AND TIME OF LATEST TRANSACTION | |
| control field | 20250702170403.0 |
| 008 - FIXED-LENGTH DATA ELEMENTS--GENERAL INFORMATION | |
| fixed length control field | 210210b2013 xxu||||| |||| 00| 0 eng d |
| 020 ## - INTERNATIONAL STANDARD BOOK NUMBER | |
| International Standard Book Number | 9780195679892 |
| 040 ## - CATALOGING SOURCE | |
| Transcribing agency | AL |
| 041 ## - LANGUAGE CODE | |
| Language code of text/sound track or separate title | eng |
| 082 ## - DEWEY DECIMAL CLASSIFICATION NUMBER | |
| Classification number | 428 SWAP |
| 100 ## - MAIN ENTRY--PERSONAL NAME | |
| Personal name | Michael Swan |
| 9 (RLIN) | 216944 |
| 245 ## - TITLE STATEMENT | |
| Title | Practical English usage Ed 3 |
| 250 ## - EDITION STATEMENT | |
| Edition statement | 3 |
| 260 ## - PUBLICATION, DISTRIBUTION, ETC. | |
| Place of publication, distribution, etc. | ND |
| Name of publisher, distributor, etc. | Oxford University Press |
| Date of publication, distribution, etc. | 2013 |
| 300 ## - PHYSICAL DESCRIPTION | |
| Extent | xxx,653 |
| 650 ## - SUBJECT ADDED ENTRY--TOPICAL TERM | |
| Topical term or geographic name entry element | usage |
| 9 (RLIN) | 216945 |
| 650 ## - SUBJECT ADDED ENTRY--TOPICAL TERM | |
| Topical term or geographic name entry element | Practical |
| 9 (RLIN) | 216946 |
| 650 ## - SUBJECT ADDED ENTRY--TOPICAL TERM | |
| Topical term or geographic name entry element | English |
| 9 (RLIN) | 216947 |
| 650 ## - SUBJECT ADDED ENTRY--TOPICAL TERM | |
| Topical term or geographic name entry element | Ed |
| 9 (RLIN) | 216948 |
| 650 ## - SUBJECT ADDED ENTRY--TOPICAL TERM | |
| Topical term or geographic name entry element | 3 |
| 9 (RLIN) | 216949 |
| 690 ## - LOCAL SUBJECT ADDED ENTRY--TOPICAL TERM (OCLC, RLIN) | |
| Topical term or geographic name as entry element | English Usage |
| 9 (RLIN) | 216950 |
| 906 ## - LOCAL DATA ELEMENT F, LDF (RLIN) | |
| a | 067603 |
| 942 ## - ADDED ENTRY ELEMENTS (KOHA) | |
| Source of classification or shelving scheme | Dewey Decimal Classification |
| Koha item type | Book |
| Withdrawn status | Lost status | Source of classification or shelving scheme | Damaged status | Not for loan | Collection code | Home library | Current library | Shelving location | Date acquired | Source of acquisition | Cost, normal purchase price | Total Checkouts | Full call number | Barcode | Date last seen | Price effective from | Koha item type |
|---|---|---|---|---|---|---|---|---|---|---|---|---|---|---|---|---|---|
| Dewey Decimal Classification | English | St Aloysius Library | St Aloysius Library | 02/17/2021 | Intact Bookhouse Pvt. Ltd, Bangalore-560050 | 310.00 | 428 SWAP | 067604 | 02/17/2021 | 02/17/2021 | Book | ||||||
| Dewey Decimal Classification | English | St Aloysius Library | St Aloysius Library | Stack Section | 02/17/2021 | Intact Bookhouse Pvt. Ltd, Bangalore-560050 | 310.00 | 428 SWAP | 067603 | 02/17/2021 | 02/17/2021 | Book |